Districts of Lincolnshire - Statistics

General Stats
  • This quiz has been taken 51 times
  • The average score is 6 of 9
Answer Stats
Status Answer % Correct
City City of Lincoln
100%
District West Lindsey
70%
District East Lindsey
68%
Unitary Authority North Lincolnshire
63%
Unitary Authority North East Lincolnshire
58%
District North kesteven
58%
District Boston
55%
District South Kesteven
55%
District South Holland
53%
No matching quizzes found
Score Distribution
Percent of People with Each Score
Percentile by Number Answered
Your Score History
You have not taken this quiz